| 000 | 00586nam a22001817a 4500 | ||
|---|---|---|---|
| 005 | 20251108164135.0 | ||
| 008 | 250721s1996 xx 000 0 ara d | ||
| 082 | 1 | 4 | _a793.73/ناص |
| 100 | 1 | _aناصيف، جميل يعقوب | |
| 245 | 1 | 0 | _aإختبر ذكاءك المعرفة و دقة الملاحظة / |
| 264 | 1 |
_aبيروت : _bدار الكتاب العربي، _c1996. |
|
| 300 | _a151ص | ||
| 490 | 0 | _aالأسئلة و الأحاجي و الألغاز و التمارين | |
| 650 | 1 | 7 | _aالتسلية |
| 650 | 1 | 7 | _aالألغاز |
| 942 |
_2ddc _cBK |
||
| 999 |
_c4632 _d4632 |
||